Govt. of
Madhya Pradesh

THE Quick and Easy Way to EFFECTIVE Speaking (Record no. 67574)

MARC details
000 -LEADER
fixed length control field 00276nam a22001097a 4500
082 ## - DEWEY DECIMAL CLASSIFICATION NUMBER
Classification number 100/CAR
100 ## - MAIN ENTRY--AUTHOR NAME
Personal name Dale,Carnegie
245 ## - TITLE STATEMENT
Title THE Quick and Easy Way to EFFECTIVE Speaking
260 ## - PUBLICATION, DISTRIBUTION, ETC. (IMPRINT)
Place of publication Mumbai
Year of publication 2024
650 ## - SUBJECT ADDED ENTRY--TOPICAL TERM
Topical Term Philosophy
942 ## - ADDED ENTRY ELEMENTS (KOHA)
Koha item type Books
260 ## - PUBLICATION, DISTRIBUTION, ETC. (IMPRINT)
-- Jaico Publishing House
Holdings
Withdrawn status Lost status Damaged status Not for loan Home library Current library Date acquired Cost, normal purchase price Full call number Accession Number Price effective from Koha item type
        MACL MACL 23/10/2024 185.00 100/CAR DPI002923 23/10/2024 Books